| 000 | 00000nam##2200000za#4500 |
| 001 | 9.698976 |
| 003 | CaOODSP |
| 005 | 20210625000155 |
| 007 | cr ||||||||||| |
| 008 | 150407|2009||||xxc|||||o f|0| 0 eng|d |
| 040 | |aCaOODSP|beng |
| 043 | |an-cn--- |
| 086 | 1 |aCH6-23/2009E-PDF |
| 110 | 1 |aCanada. |bCanadian Heritage. |
| 245 | 10|aAudit of the National Arts Training Contribution Program / |h[electronic resource]|c[issued by the] Office of the Chief Audit and Evaluation Executive, Audit and Assurance Services Directorate. |
| 260 | |aOttawa - Ontario : |bCanadian Heritage |cFebruary 2009. |
| 300 | |a22p.|btables |
| 590 | |a14-06-Supp|b2014-03-21 |
| 775 | 08|tVérification du Programme national de formation dans le secteur des arts / |w(CaOODSP)9.642971 |
| 856 | 40|ahttp://publications.gc.ca|qPDF|s220 KB|uhttps://publications.gc.ca/collections/collection_2014/pc-ch/CH6-23-2009-eng.pdf |